000
00325nam a22001457a 4500
008
180919b xxu||||| |||| 00| 0 eng d
020
_a
9781259176494
041
_a
eng
080
_2
5th
_a
330.722.6
082
_a
330.722.6
100
_a
62
101
_a
KM
245
_a
Managerial Accounting
_c
Wild,J.J
942
_2
udc
_c
BK
999
_c
47973
_d
47973